000 00274nam a22001217a 4500
008 181206b xxu||||| |||| 00| 0 eng d
041 _aeng
080 _a612.39
100 _a9
101 _aNUT
245 _aNutrition Therapy Pathophysiology
_cNelms.M
942 _2udc
_cBK
999 _c52974
_d52974